Substitution between natural and synthetic : Which way ? About availability and strategies (Record no. 69898)

MARC details
000 -LEADER
fixed length control field 00342nam a2200121Ia 4500
100 ## - MAIN ENTRY--AUTHOR NAME
Personal name Burger K
245 #0 - TITLE STATEMENT
Title Substitution between natural and synthetic : Which way ? About availability and strategies
260 ## - PUBLICATION, DISTRIBUTION, ETC. (IMPRINT)
Name of publisher Natuur Rubber
Year of publication 2002
300 ## - PHYSICAL DESCRIPTION
Number of Pages 16-20
700 ## - ADDED ENTRY--PERSONAL NAME
Personal name Smit H P
942 ## - ADDED ENTRY ELEMENTS (KOHA)
Koha item type Journals
Holdings
Withdrawn status Lost status Damaged status Not for loan Home library Current library Shelving location Date acquired Serial Enumeration / chronology Koha item type
      Journals RRII Library RRII Library Rubber general 20/03/2003 Volume 28, Issue 4 Journals